[Event "Belgrade Trophy 36th"]
[Site "Belgrade"]
[Date "2023.11.28"]
[Round "4"]
[White "Milanko, Nikola"]
[Black "Chelushkina, Irina"]
[Result "1/2-1/2"]
[WhiteElo "1901"]
[BlackElo "2145"]
[PlyCount "105"]
[EventDate "2023.11.25"]
[EventType "swiss"]
[EventRounds "9"]
[EventCountry "SRB"]
[SourceTitle "CB49_2023"]
[SourceDate "2023.12.06"]
[SourceVersion "1"]
[SourceVersionDate "2023.12.06"]
[SourceQuality "1"]

1. d4 Nf6 2. Nf3 e6 3. Bf4 c5 4. e3 Qb6 5. Qc1 Nc6 6. c3 Nh5 7. Bg3 Nxg3 8. hxg3 d5 9. Nbd2 Bd7 10. Nb3 c4 11. Nbd2 f5 12. Nh4 Rg8 13. f4 g5 14. Nhf3 h6 15. Ne5 Nxe5 16. fxe5 Qc7 17. Qc2 g4 18. Be2 b5 19. a3 0-0-0 20. b3 Rh8 21. Bd1 a5 22. Qb2 a4 23. Nf1 Be7 24. Qf2 Bg5 25. Bc2 h5 26. Nd2 Rdf8 27. 0-0-0 Qb7 28. Rdf1 Qa6 29. Re1 Be8 30. Kb2 Bg6 31. Qe2 Qb7 32. Qf2 Be8 33. Reg1 Qe7 34. Nf1 Rh6 35. Rh2 Rfh8 36. Rgh1 Qg7 37. Ka2 Rg8 38. Kb2 Qh8 39. Ka2 Be7 40. Kb2 Rg7 41. Qe2 Rhh7 42. Ka2 Qg8 43. Rg1 h4 44. gxh4 g3 45. Rhh1 Bxh4 46. Qe1 Be7 47. Nd2 Rh2 48. Nf3 Rgh7 49. Bd1 Bf7 50. Ka1 Qg6 51. Nxh2 gxh2 52. Rf1 Qxg2 53. Rf2 1/2-1/2

[Event "Belgrade Trophy 35th"]
[Site "Belgrade"]
[Date "2021.11.29"]
[Round "6"]
[White "Stefanovic, Bosko"]
[Black "Milanko, Nikola"]
[Result "1/2-1/2"]
[WhiteElo "1690"]
[BlackElo "2015"]
[PlyCount "62"]
[EventDate "2021.11.24"]
[EventType "swiss"]
[EventRounds "9"]
[EventCountry "SRB"]
[SourceTitle "CBM 205 Extra"]
[Source "ChessBase"]
[SourceDate "2022.01.31"]
[SourceVersion "1"]
[SourceVersionDate "2022.01.31"]
[SourceQuality "1"]

1. e4 e6 2. d4 d5 3. exd5 exd5 4. c4 Nf6 5. Nc3 c6 6. Nf3 Be7 7. Be2 h6 8. 0-0 Be6 9. Ne5 dxc4 10. Nxc4 Nbd7 11. Bf4 Nb6 12. Nxb6 Qxb6 13. Na4 Qd8 14. Nc5 Bxc5 15. dxc5 Qxd1 16. Rfxd1 0-0 17. Bf3 Bd5 18. Bxd5 Nxd5 19. Bd6 Rfe8 20. Kf1 Re6 21. Re1 Rae8 22. a3 f5 23. Rxe6 Rxe6 24. Re1 Kf7 25. Rxe6 Kxe6 26. Ke2 Nf6 27. f3 Nd7 28. Ke3 Kd5 29. Kf4 g6 30. h4 Ke6 31. Ke3 Nf6 1/2-1/2

[Event "Belgrade Trophy 35th"]
[Site "Belgrade"]
[Date "2021.11.27"]
[Round "4"]
[White "Palamarevic, Mina"]
[Black "Milanko, Nikola"]
[Result "1-0"]
[WhiteElo "1556"]
[BlackElo "2015"]
[PlyCount "82"]
[EventDate "2021.11.24"]
[EventType "swiss"]
[EventRounds "9"]
[EventCountry "SRB"]
[SourceTitle "CBM 205 Extra"]
[Source "ChessBase"]
[SourceDate "2022.01.31"]
[SourceVersion "1"]
[SourceVersionDate "2022.01.31"]
[SourceQuality "1"]

1. e4 e6 2. d4 d5 3. exd5 exd5 4. Nf3 Nf6 5. Bd3 Be7 6. Bf4 Bg4 7. Nbd2 Nc6 8. c3 a6 9. Qc2 Bh5 10. 0-0 0-0 11. Ne5 Bg6 12. Nxg6 hxg6 13. Bg5 Ng4 14. Bxe7 Qxe7 15. h3 Nf6 16. f4 Rae8 17. Rf3 Ne4 18. Bxe4 dxe4 19. Re3 f5 20. Qb3+ Kh7 21. Nc4 b6 22. Rf1 g5 23. Rg3 gxf4 24. Rxf4 g5 25. Qd1 Kh6 26. Rf1 f4 27. Rg4 e3 28. Qe2 Qf7 29. h4 Qh5 30. hxg5+ Kg7 31. Qf3 Ne7 32. Rxf4 Qxf3 33. R4xf3 Rxf3 34. gxf3 Nd5 35. Ne5 Nf4 36. Re1 e2 37. Kf2 Nh3+ 38. Kxe2 Nxg5 39. Rg1 Kf6 40. Kd3 Ne6 41. Ke4 Nd8 1-0

[Event "Belgrade Trophy 35th"]
[Site "Belgrade"]
[Date "2021.11.26"]
[Round "3"]
[White "Milanko, Nikola"]
[Black "Djokic, Nenad"]
[Result "0-1"]
[WhiteElo "2015"]
[BlackElo "2274"]
[PlyCount "166"]
[EventDate "2021.11.24"]
[EventType "swiss"]
[EventRounds "9"]
[EventCountry "SRB"]
[SourceTitle "CBM 205 Extra"]
[Source "ChessBase"]
[SourceDate "2022.01.31"]
[SourceVersion "1"]
[SourceVersionDate "2022.01.31"]
[SourceQuality "1"]

1. d4 Nf6 2. Bf4 e6 3. Nf3 b6 4. h3 Bb7 5. e3 Be7 6. Nbd2 0-0 7. Be2 d6 8. 0-0 Nbd7 9. c3 Re8 10. a4 a5 11. Bb5 Qc8 12. Re1 Ba6 13. Qe2 Bxb5 14. Qxb5 Qb7 15. e4 h6 16. Bg3 Red8 17. Qd3 Nf8 18. Nh2 Nh5 19. Nhf1 Nxg3 20. Nxg3 Nd7 21. Qe2 Bf8 22. f4 Re8 23. Kh2 Qc8 24. Qf3 Qd8 25. Rad1 g6 26. f5 Bg7 27. fxg6 fxg6 28. Rf1 Kh7 29. Nc4 Rf8 30. Qe2 Qh4 31. Rxf8 Rxf8 32. Rf1 h5 33. Rxf8 Bxf8 34. Qf2 Kg8 35. Nd2 Bh6 36. Ndf1 Nf6 37. Qf3 Qf4 38. Kg1 Kg7 39. Qxf4 Bxf4 40. Kf2 Bc1 41. Kf3 Bxb2 42. Ne2 d5 43. Nd2 Ba3 44. Nf4 Kf7 45. exd5 exd5 46. Nd3 g5 47. c4 Bd6 48. c5 Bf8 49. Ne5+ Ke6 50. cxb6 cxb6 51. Ke3 g4 52. hxg4 hxg4 53. Nb1 Kf5 54. Nc3 Bh6+ 55. Kd3 Bf4 56. Nc6 Ke6 57. Na7 Nh5 58. Ne2 Bb8 59. Nb5 Kf5 60. Nbc3 Nf6 61. Ke3 Bd6 62. Kd3 Ke6 63. Nb5 Bb8 64. Nbc3 Nh5 65. Ke3 Bd6 66. Nb5 Bb8 67. Nbc3 Nf6 68. Nb5 Kd7 69. Nbc3 Kc6 70. Nb5 Nh5 71. Nbc3 Ng7 72. Nb5 Nf5+ 73. Kd3 Nh4 74. g3 Nf5 75. Nbc3 Nxg3 76. Nxg3 Bxg3 77. Ke2 Kd6 78. Kf1 Ke6 79. Kg2 Be1 80. Nb5 Kf5 81. Kf1 Bb4 82. Kg2 Kf4 83. Kf2 Bd2 0-1

[Event "Belgrade Trophy 33rd"]
[Site "Belgrade"]
[Date "2019.11.25"]
[Round "2"]
[White "Damjanovic, Vuk"]
[Black "Milanko, Nikola"]
[Result "1-0"]
[WhiteElo "2294"]
[BlackElo "2063"]
[PlyCount "107"]
[EventDate "2019.11.24"]
[EventType "swiss"]
[EventRounds "9"]
[EventCountry "SRB"]
[SourceTitle "CBM 193 Extra"]
[Source "ChessBase"]
[SourceDate "2020.01.31"]
[SourceVersion "1"]
[SourceVersionDate "2020.01.31"]
[SourceQuality "1"]

1. d4 d5 2. c4 c6 3. Nf3 Nf6 4. Nbd2 Bf5 5. Nh4 Be4 6. e3 e6 7. Be2 Nbd7 8. 0-0 Bd6 9. b3 Ng4 10. Bxg4 Qxh4 11. g3 Qe7 12. Nxe4 dxe4 13. Bh3 0-0 14. Bb2 f5 15. a3 a5 16. c5 Bc7 17. b4 axb4 18. axb4 Nf6 19. Qb3 Nd5 20. b5 g5 21. Rxa8 Rxa8 22. b6 Bb8 23. Ra1 Rxa1+ 24. Bxa1 g4 25. Bf1 h5 26. Qa4 Qd8 27. Bc4 Qc8 28. Bb2 Kf7 29. Bc1 Kg6 30. Bd2 Kf6 31. Kf1 Kg6 32. Qa8 Kf6 33. Ke2 Kg5 34. Kd1 Kf6 35. Kc2 Ke7 36. Kb3 Kf6 37. Ka4 Ke7 38. Ba5 Kf6 39. Be1 Ke7 40. Bd2 Kf6 41. Kb3 Ke7 42. Kc2 Kf6 43. Kd1 Ke7 44. Ke2 Kf6 45. Kf1 Kg5 46. Kg2 h4 47. gxh4+ Kxh4 48. Bxd5 exd5 49. Be1 Kg5 50. Kf1 Qh8 51. Qxb7 Qxh2 52. Ke2 f4 53. exf4+ Qxf4 54. Bd2 1-0

[Event "Belgrade City-chT"]
[Site "Belgrade"]
[Date "2019.05.16"]
[Round "4.7"]
[White "Milanko, Nikola"]
[Black "Babin, Aleksandar"]
[Result "1/2-1/2"]
[WhiteElo "2063"]
[BlackElo "1931"]
[PlyCount "74"]
[EventDate "2019.05.13"]
[EventType "team-swiss"]
[EventRounds "5"]
[EventCountry "SRB"]
[SourceTitle "CBM 190 Extra"]
[Source "ChessBase"]
[SourceDate "2019.07.15"]
[SourceVersion "1"]
[SourceVersionDate "2019.07.15"]
[SourceQuality "1"]
[WhiteTeam "Jugopetrol"]
[BlackTeam "Novi Belgrade Technicka II"]
[WhiteTeamCountry "SRB"]
[BlackTeamCountry "SRB"]

1. d4 Nf6 2. Bf4 e6 3. Nf3 d5 4. e3 c5 5. c3 Be7 6. h3 0-0 7. Nbd2 Nbd7 8. Bd3 Re8 9. Qc2 Nf8 10. Ne5 a6 11. a4 Bd7 12. 0-0 Bc6 13. Bg5 N6d7 14. Bxe7 Qxe7 15. f4 f6 16. Nxd7 Bxd7 17. Nf3 c4 18. Be2 b5 19. axb5 axb5 20. e4 Bc6 21. e5 Nd7 22. b3 Nb6 23. Rfb1 Qb7 24. Qb2 Rxa1 25. Rxa1 Ra8 26. Rxa8+ Qxa8 27. b4 Be8 28. Bd1 Bg6 29. Kf2 Nc8 30. g4 Be4 31. Nd2 Bd3 32. Be2 Bg6 33. Bd1 Nb6 34. Nf1 Bd3 35. Ne3 Nd7 36. Bf3 Bg6 37. Kg3 Kf7 1/2-1/2

[Event "Belgrade-chTB Quality"]
[Site "Belgrade"]
[Date "2018.11.04"]
[Round "11.3"]
[White "Milanko, Nikola"]
[Black "Becelic, Dejan"]
[Result "1/2-1/2"]
[WhiteElo "2041"]
[BlackElo "2050"]
[PlyCount "70"]
[EventDate "2018.09.29"]
[EventType "team-tourn"]
[EventRounds "11"]
[EventCountry "SRB"]
[SourceTitle "EXT 2022"]
[Source "ChessBase"]
[SourceDate "2021.10.06"]
[SourceVersion "1"]
[SourceVersionDate "2021.10.06"]
[SourceQuality "1"]
[WhiteTeam "Nis Jugopetrol"]
[BlackTeam "Belgrade BASK"]
[WhiteTeamCountry "SRB"]
[BlackTeamCountry "SRB"]

1. d4 g6 2. Bf4 Bg7 3. Nf3 c5 4. c3 b6 5. e3 Nf6 6. h3 Bb7 7. Be2 0-0 8. 0-0 d6 9. a4 a6 10. Nbd2 Nbd7 11. Bh2 Re8 12. Nc4 Qc7 13. b4 Rad8 14. Rc1 cxb4 15. cxb4 Qb8 16. Qb3 Bd5 17. Qb1 Rc8 18. Nfd2 Qa8 19. Bf3 Bxf3 20. Nxf3 b5 21. axb5 axb5 22. Ncd2 Qa3 23. g4 Nd5 24. Qb3 Qxb3 25. Nxb3 Nxb4 26. Rb1 Nd5 27. Nbd2 Rb8 28. Rb3 Rb7 29. Rfb1 Reb8 30. Nc4 b4 31. Kf1 N7f6 32. Nfd2 Nc3 33. Rc1 Nxg4 34. Ne4 Nxe4 35. f3 Ng5 1/2-1/2

[Event "Belgrade-chTB Quality"]
[Site "Belgrade"]
[Date "2018.10.07"]
[Round "4.5"]
[White "Milanko, Nikola"]
[Black "Graovac, Vidak Balsa"]
[Result "0-1"]
[WhiteElo "2041"]
[BlackElo "2155"]
[PlyCount "76"]
[EventDate "2018.09.29"]
[EventType "team-tourn"]
[EventRounds "11"]
[EventCountry "SRB"]
[SourceTitle "CBM 187 Extra"]
[Source "ChessBase"]
[SourceDate "2018.11.04"]
[SourceVersion "1"]
[SourceVersionDate "2018.11.04"]
[SourceQuality "1"]
[WhiteTeam "Nis Jugopetrol"]
[BlackTeam "Belgrade Lasta"]
[WhiteTeamCountry "SRB"]
[BlackTeamCountry "SRB"]

1. d4 Nf6 2. Bf4 d6 3. Nf3 c6 4. e3 Nbd7 5. h3 g6 6. c3 Bg7 7. Nbd2 0-0 8. Be2 Nd5 9. Bh2 e5 10. dxe5 dxe5 11. Qb3 Qe7 12. 0-0 Kh8 13. e4 N5b6 14. a4 f5 15. a5 Nc5 16. Qa3 Nbd7 17. Nb3 fxe4 18. Nfd2 Qg5 19. Bg4 e3 20. fxe3 Qxe3+ 21. Kh1 Nd3 22. Bg1 Rf2 23. Qe7 h5 24. Rxf2 hxg4 25. Rf7 Qh6 26. Be3 Nf4 27. Ne4 Nf8 28. Qe8 Bf5 29. Qxa8 Bxe4 30. Kh2 g3+ 31. Kg1 Nxh3+ 32. Kf1 Qxe3 33. Rxf8+ Kh7 34. Rd1 Bd3+ 35. Rxd3 Qxd3+ 36. Ke1 Qe3+ 37. Kf1 Nf4 38. Rxf4 exf4 0-1

[Event "Belgrade-chT"]
[Site "Belgrade"]
[Date "2017.11.01"]
[Round "10.3"]
[White "Milanko, Nikola"]
[Black "Poleksic, Petar"]
[Result "0-1"]
[WhiteElo "2012"]
[BlackElo "2006"]
[PlyCount "54"]
[EventDate "2017.10.01"]
[EventType "team-tourn"]
[EventRounds "11"]
[EventCountry "SRB"]
[SourceTitle "CBM 181 Extra"]
[Source "ChessBase"]
[SourceDate "2017.12.12"]
[SourceVersion "1"]
[SourceVersionDate "2017.12.12"]
[SourceQuality "1"]
[WhiteTeam "Nis Jugopetrol"]
[BlackTeam "BASK"]
[WhiteTeamCountry "SRB"]
[BlackTeamCountry "SRB"]

1. d4 d5 2. Bf4 Nf6 3. e3 c5 4. c3 Nc6 5. Nf3 Qb6 6. Qb3 c4 7. Qxb6 axb6 8. Be2 Bf5 9. 0-0 b5 10. Na3 Ra5 11. Bc7 Rxa3 12. bxa3 Ne4 13. Rac1 Kd7 14. Bf4 e6 15. Nh4 Bxa3 16. Nxf5 Bxc1 17. Rxc1 exf5 18. f3 Nd6 19. Rb1 Ra8 20. Bxd6 Kxd6 21. Rxb5 Rxa2 22. Kf1 Rc2 23. e4 fxe4 24. fxe4 dxe4 25. Bxc4 Rxc3 26. Bxf7 e3 27. Bg8 Rc1+ 0-1

[Event "Belgrade Trophy 30th"]
[Site "Belgrade"]
[Date "2016.11.29"]
[Round "6"]
[White "Milanko, Nikola"]
[Black "Jelic, Goran"]
[Result "0-1"]
[WhiteElo "2014"]
[BlackElo "2203"]
[PlyCount "78"]
[EventDate "2016.11.24"]
[EventType "swiss"]
[EventRounds "9"]
[EventCountry "SRB"]
[SourceTitle "CBM 175 Extra"]
[Source "ChessBase"]
[SourceDate "2016.12.12"]
[SourceVersion "1"]
[SourceVersionDate "2016.12.12"]
[SourceQuality "1"]

1. d4 Nf6 2. Bf4 g6 3. e3 Bg7 4. h3 d6 5. Nf3 b6 6. Nbd2 Bb7 7. c3 Nbd7 8. Bc4 a6 9. Qb3 d5 10. Be2 0-0 11. 0-0 c5 12. Ne5 Nxe5 13. Bxe5 Nd7 14. Bxg7 Kxg7 15. f4 b5 16. Qc2 Qb6 17. Rae1 Rac8 18. Nb3 a5 19. Nxc5 Nxc5 20. dxc5 Qxc5 21. Qd3 b4 22. Qd4+ Qxd4 23. exd4 bxc3 24. bxc3 Rxc3 25. Rb1 Bc8 26. Rfc1 Ra3 27. Rb2 Bf5 28. Bf3 e6 29. Kf2 Bd3 30. Rc7 Bc4 31. g4 Bxa2 32. g5 Bb3 33. Bg4 Kg8 34. Ke1 Ra1+ 35. Kd2 a4 36. Kd3 Re1 37. Bf3 Bc4+ 38. Kc3 a3 39. Rg2 Rf1 0-1

[Event "Belgrade Trophy 30th"]
[Site "Belgrade"]
[Date "2016.11.26"]
[Round "3"]
[White "Svicevic, Rastko"]
[Black "Milanko, Nikola"]
[Result "1/2-1/2"]
[WhiteElo "2235"]
[BlackElo "2014"]
[PlyCount "43"]
[EventDate "2016.11.24"]
[EventType "swiss"]
[EventRounds "9"]
[EventCountry "SRB"]
[SourceTitle "CBM 175 Extra"]
[Source "ChessBase"]
[SourceDate "2016.12.12"]
[SourceVersion "1"]
[SourceVersionDate "2016.12.12"]
[SourceQuality "1"]

1. Nf3 d5 2. e3 Nf6 3. b3 Bf5 4. Bb2 e6 5. Be2 h6 6. c4 c6 7. 0-0 Bd6 8. Ne5 Qe7 9. d3 0-0 10. Nd2 Ba3 11. Bc3 Bb4 12. Bb2 Ba3 13. Bxa3 Qxa3 14. f4 Qe7 15. g4 Bh7 16. Qe1 Nfd7 17. Qg3 Nxe5 18. fxe5 Nd7 19. h4 f6 20. exf6 Rxf6 21. Rxf6 Qxf6 22. d4 1/2-1/2

[Event "Belgrade Trophy 30th"]
[Site "Belgrade"]
[Date "2016.11.24"]
[Round "1"]
[White "Dimitrov, Radoslav"]
[Black "Milanko, Nikola"]
[Result "1-0"]
[WhiteElo "2471"]
[BlackElo "2014"]
[PlyCount "95"]
[EventDate "2016.11.24"]
[EventType "swiss"]
[EventRounds "9"]
[EventCountry "SRB"]
[SourceTitle "CBM 175 Extra"]
[Source "ChessBase"]
[SourceDate "2016.12.12"]
[SourceVersion "1"]
[SourceVersionDate "2016.12.12"]
[SourceQuality "1"]

1. c4 Nf6 2. Nc3 c6 3. e4 d5 4. e5 Nfd7 5. d4 e6 6. Nf3 Be7 7. Bd3 Na6 8. cxd5 cxd5 9. a3 Nb6 10. h4 Bd7 11. Bg5 h6 12. Bxe7 Qxe7 13. Nb5 Bxb5 14. Bxb5+ Kf8 15. h5 Rc8 16. 0-0 Nb8 17. Bd3 Nc6 18. Rc1 Ke8 19. Qd2 Kd7 20. b4 Rhd8 21. b5 Nb8 22. Qa5 Ke8 23. Qxa7 N8d7 24. Rxc8 Rxc8 25. Ra1 Ra8 26. Qxb7 Rxa3 27. Rxa3 Qxa3 28. Bf1 Qc1 29. Qa6 Qf4 30. Qa1 Qg4 31. Nd2 Qxh5 32. Nb3 Qg5 33. Nc5 Qd8 34. Qa3 Qa8 35. Na6 Qb7 36. Bd3 Qc8 37. g3 h5 38. Nb4 Qa8 39. Qc1 Qb7 40. Qg5 Nf8 41. Nc6 Qd7 42. Qxg7 Nc4 43. Qg5 Nb2 44. Be2 Ng6 45. Bxh5 Ne7 46. Qxe7+ Qxe7 47. Nxe7 Kxe7 48. b6 1-0

[Event "Belgrade-chT Quality"]
[Site "Belgrade"]
[Date "2016.10.25"]
[Round "9.6"]
[White "Kezele, Tamara"]
[Black "Milanko, Nikola"]
[Result "1/2-1/2"]
[WhiteElo "1985"]
[BlackElo "1995"]
[PlyCount "52"]
[EventDate "2016.10.01"]
[EventType "team-tourn"]
[EventRounds "11"]
[EventCountry "SRB"]
[SourceTitle "EXT 2018"]
[Source "ChessBase"]
[SourceDate "2017.10.13"]
[SourceVersion "1"]
[SourceVersionDate "2017.10.13"]
[SourceQuality "1"]

1. e4 e6 2. d4 d5 3. Nd2 dxe4 4. Nxe4 Nd7 5. Nf3 Ngf6 6. Ng3 c5 7. Be2 Be7 8. 0-0 0-0 9. c3 b6 10. Ne5 Nxe5 11. dxe5 Qxd1 12. Rxd1 Nd7 13. f4 Rd8 14. Bf3 Rb8 15. Be3 Nf8 16. Rxd8 Bxd8 17. Rd1 Be7 18. Bc6 Bb7 19. Bxb7 Rxb7 20. Ne4 Rd7 21. Rxd7 Nxd7 22. Kf2 Kf8 23. Ke2 Ke8 24. Kd3 Nb8 25. Ng3 Nc6 26. Nh5 g6 1/2-1/2

[Event "Belgrade-chT Quality"]
[Site "Belgrade"]
[Date "2016.10.24"]
[Round "8.1"]
[White "Milanko, Nikola"]
[Black "Landup, Darko"]
[Result "1-0"]
[WhiteElo "1995"]
[BlackElo "2084"]
[PlyCount "57"]
[EventDate "2016.10.01"]
[EventType "team-tourn"]
[EventRounds "11"]
[EventCountry "SRB"]
[SourceTitle "EXT 2018"]
[Source "ChessBase"]
[SourceDate "2017.10.13"]
[SourceVersion "1"]
[SourceVersionDate "2017.10.13"]
[SourceQuality "1"]

1. d4 Nf6 2. Nf3 d6 3. Bf4 g6 4. e3 Bg7 5. Nbd2 0-0 6. Be2 c5 7. 0-0 cxd4 8. exd4 Nc6 9. c3 e5 10. dxe5 dxe5 11. Nxe5 Nd5 12. Nxc6 bxc6 13. Bg3 Re8 14. Bc4 a5 15. Re1 Be6 16. Bf1 a4 17. a3 Qa5 18. Nc4 Qa7 19. Be5 f6 20. Bd4 c5 21. Be3 Red8 22. Qf3 Nxe3 23. Rxe3 Bd5 24. Qf4 Rab8 25. Rae1 Qf7 26. Re7 Qf8 27. Qc7 Kh8 28. Nd6 c4 29. Nf7+ 1-0

[Event "SRB-ch sf"]
[Site "Belgrade"]
[Date "2016.03.26"]
[Round "6"]
[White "Milanko, Nikola"]
[Black "Jovanovic, Sasa T"]
[Result "1/2-1/2"]
[WhiteElo "1964"]
[BlackElo "2207"]
[PlyCount "94"]
[EventDate "2016.03.21"]
[EventType "swiss"]
[EventRounds "9"]
[EventCountry "SRB"]
[SourceTitle "CBM 171 Extra"]
[Source "ChessBase"]
[SourceDate "2016.04.26"]
[SourceVersion "1"]
[SourceVersionDate "2016.04.26"]
[SourceQuality "1"]

1. d4 g6 2. Nf3 Bg7 3. Bf4 d6 4. e3 Nf6 5. h3 0-0 6. Be2 c5 7. c3 Nc6 8. 0-0 cxd4 9. exd4 Be6 10. Na3 Rc8 11. Bg5 Bf5 12. Qc1 Be4 13. Qe3 Bf5 14. Bh6 a6 15. Bxg7 Kxg7 16. Rac1 Qa5 17. Nc4 Qd8 18. Bd3 Bxd3 19. Qxd3 b5 20. Ne3 e5 21. dxe5 dxe5 22. Qxd8 Rfxd8 23. Rfd1 e4 24. Ne1 h5 25. N1c2 Kf8 26. Kf1 Ke7 27. Ke2 Ke6 28. Rxd8 Rxd8 29. Rd1 Rxd1 30. Kxd1 Nd7 31. Kd2 f5 32. b3 f4 33. Nd1 Nc5 34. Nb2 g5 35. b4 Nb7 36. c4 bxc4 37. Nxc4 Kd5 38. Nb6+ Ke5 39. Nc4+ Kf5 40. a4 g4 41. hxg4+ hxg4 42. b5 axb5 43. axb5 Ne5 44. Nxe5 Kxe5 45. b6 Nd6 46. Na3 e3+ 47. Ke2 exf2 1/2-1/2

[Event "SRB-ch sf"]
[Site "Belgrade"]
[Date "2016.03.25"]
[Round "5"]
[White "Jovanovic, Dejan R"]
[Black "Milanko, Nikola"]
[Result "0-1"]
[WhiteElo "2120"]
[BlackElo "1964"]
[PlyCount "102"]
[EventDate "2016.03.21"]
[EventType "swiss"]
[EventRounds "9"]
[EventCountry "SRB"]
[SourceTitle "CBM 171 Extra"]
[Source "ChessBase"]
[SourceDate "2016.04.26"]
[SourceVersion "1"]
[SourceVersionDate "2016.04.26"]
[SourceQuality "1"]

1. d4 d5 2. Bf4 Nf6 3. e3 Bf5 4. h3 e6 5. Bd3 Bxd3 6. Qxd3 c6 7. Nf3 Nbd7 8. 0-0 Ne4 9. c4 Bd6 10. Bxd6 Nxd6 11. Nbd2 f5 12. cxd5 exd5 13. b4 0-0 14. a4 a6 15. Nb3 Qe7 16. Nc5 Rae8 17. Nxd7 Qxd7 18. Ne5 Qe6 19. f4 Kh8 20. Rab1 Rg8 21. h4 Re7 22. Kf2 g6 23. Rh1 h6 24. Rh2 Kh7 25. Rg1 h5 26. g3 Rc8 27. Rc1 Rec7 28. Kf3 b5 29. Ra2 Nc4 30. Rca1 Nxe5+ 31. fxe5 f4 32. exf4 Rf8 33. Kg2 Qg4 34. Qf3 Qf5 35. Rc1 Rfc8 36. Ra3 a5 37. bxa5 b4 38. Re3 c5 39. dxc5 Rxc5 40. Rce1 d4 41. R3e2 Rc3 42. Qf2 d3 43. Rd2 Rc2 44. Red1 Rxd2 45. Rxd2 Rc2 46. Qe3 Rxd2+ 47. Qxd2 Qe4+ 48. Kf2 Qd4+ 49. Qe3 Qb2+ 50. Ke1 Qb1+ 51. Kf2 Qc2+ 0-1

[Event "SRB-ch sf"]
[Site "Belgrade"]
[Date "2016.03.24"]
[Round "4"]
[White "Zivkovic, Marko"]
[Black "Milanko, Nikola"]
[Result "1-0"]
[WhiteElo "2213"]
[BlackElo "1964"]
[PlyCount "75"]
[EventDate "2016.03.21"]
[EventType "swiss"]
[EventRounds "9"]
[EventCountry "SRB"]
[SourceTitle "CBM 171 Extra"]
[Source "ChessBase"]
[SourceDate "2016.04.26"]
[SourceVersion "1"]
[SourceVersionDate "2016.04.26"]
[SourceQuality "1"]

1. d4 d5 2. Nf3 Nf6 3. Bf4 Bf5 4. e3 e6 5. Nbd2 a6 6. c3 Bd6 7. Qa4+ c6 8. Ne5 0-0 9. Be2 Ne4 10. Nxe4 Bxe4 11. f3 Bg6 12. h4 f6 13. Nxg6 hxg6 14. g3 c5 15. Qc2 f5 16. Kf2 Qc7 17. Qd2 Nd7 18. dxc5 Qxc5 19. h5 gxh5 20. Rxh5 Nf6 21. Rh3 b5 22. Rah1 Rae8 23. Bg5 Kf7 24. Qd4 Qxd4 25. exd4 Rb8 26. Bd2 Ra8 27. Ra1 Rfb8 28. b4 a5 29. bxa5 Rxa5 30. c4 b4 31. c5 Bc7 32. a4 e5 33. Rhh1 exd4 34. Bb5 Rbxb5 35. axb5 Rxb5 36. Ra7 Rxc5 37. Rc1 Rxc1 38. Bxc1 1-0

[Event "SRB-ch sf"]
[Site "Belgrade"]
[Date "2016.03.23"]
[Round "3"]
[White "Milanko, Nikola"]
[Black "Maslar, Aleksa"]
[Result "1-0"]
[WhiteElo "1964"]
[BlackElo "1780"]
[PlyCount "111"]
[EventDate "2016.03.21"]
[EventType "swiss"]
[EventRounds "9"]
[EventCountry "SRB"]
[SourceTitle "CBM 171 Extra"]
[Source "ChessBase"]
[SourceDate "2016.04.26"]
[SourceVersion "1"]
[SourceVersionDate "2016.04.26"]
[SourceQuality "1"]

1. d4 d5 2. Nf3 c6 3. c3 Nf6 4. Bg5 Ne4 5. Bf4 Qb6 6. Qb3 Nd7 7. Nbd2 Qxb3 8. axb3 Ndf6 9. b4 Nxd2 10. Nxd2 e6 11. h3 Be7 12. e3 Bd7 13. Bd3 0-0 14. 0-0 Rfe8 15. g4 h6 16. Kg2 Nh7 17. e4 Bg5 18. Bxg5 Nxg5 19. e5 f6 20. f4 Nf7 21. Bg6 Re7 22. Bxf7+ Rxf7 23. Kg3 f5 24. Nb3 b6 25. Ra6 Bc8 26. Ra3 a6 27. Raa1 Raa7 28. Nd2 g6 29. Nf3 Kh7 30. Rh1 Rg7 31. h4 Kg8 32. h5 Raf7 33. g5 gxh5 34. Rxh5 Rh7 35. Rah1 hxg5 36. Nxg5 Rxh5 37. Rxh5 Rg7 38. Rh6 Bd7 39. Kh4 Re7 40. Rg6+ Rg7 41. Rf6 Re7 42. Kh5 Bc8 43. Kh6 a5 44. bxa5 bxa5 45. Rg6+ Kf8 46. Nh7+ Ke8 47. Rg8+ Kd7 48. Nf8+ Kc7 49. Rg7 Kd8 50. Rxe7 Kxe7 51. Kg7 a4 52. Ng6+ Ke8 53. Kf6 Bd7 54. Nh8 Bc8 55. Nf7 Bd7 56. Ng5 1-0

[Event "SRB-ch sf"]
[Site "Belgrade"]
[Date "2016.03.21"]
[Round "1"]
[White "Milanko, Nikola"]
[Black "Rajkovic, Mladen"]
[Result "0-1"]
[WhiteElo "1964"]
[BlackElo "2323"]
[PlyCount "106"]
[EventDate "2016.03.21"]
[EventType "swiss"]
[EventRounds "9"]
[EventCountry "SRB"]
[SourceTitle "CBM 171 Extra"]
[Source "ChessBase"]
[SourceDate "2016.04.26"]
[SourceVersion "1"]
[SourceVersionDate "2016.04.26"]
[SourceQuality "1"]

1. d4 Nf6 2. Nf3 e6 3. Bg5 c5 4. e3 b6 5. Nbd2 cxd4 6. exd4 Bb7 7. Bd3 d6 8. 0-0 Be7 9. Re1 Nbd7 10. Qe2 a6 11. a4 Nd5 12. Bxe7 Qxe7 13. g3 Nb4 14. Be4 Nf6 15. Bxb7 Qxb7 16. c3 Nbd5 17. Ne4 Qc7 18. Nxf6+ Nxf6 19. Nd2 0-0 20. Qc4 Qb7 21. Qd3 b5 22. Ne4 Nxe4 23. Qxe4 d5 24. Qc2 Rfb8 25. b4 Rc8 26. Ra3 a5 27. Rb1 axb4 28. Rxb4 Qe7 29. Qb2 bxa4 30. Raxa4 Rxa4 31. Rxa4 Qc7 32. Qa3 Qb7 33. Rb4 Qc6 34. Qb2 Qa8 35. h4 h5 36. Rb7 g6 37. Kh2 Kg7 38. Rb3 Qa5 39. Ra3 Qc7 40. Rb3 Qc4 41. Kg2 Qd3 42. Ra3 Qe4+ 43. Kg1 g5 44. Qd2 gxh4 45. Qg5+ Qg6 46. Qxh4 Rb8 47. Ra1 Qf5 48. Rc1 Kg6 49. c4 dxc4 50. Qf4 Qxf4 51. gxf4 Rc8 52. Kg2 Kf5 53. Kf3 c3 0-1

[Event "Belgrade-chT Quality"]
[Site "Belgrade"]
[Date "2015.11.04"]
[Round "10"]
[White "Popovic, Andrija"]
[Black "Milanko, Nikola"]
[Result "1-0"]
[WhiteElo "2195"]
[BlackElo "1975"]
[PlyCount "123"]
[EventDate "2015.10.03"]
[EventType "team-tourn"]
[EventRounds "11"]
[EventCountry "SRB"]
[SourceTitle "EXT 2018"]
[Source "ChessBase"]
[SourceDate "2017.10.13"]
[SourceVersion "1"]
[SourceVersionDate "2017.10.13"]
[SourceQuality "1"]

1. e4 e6 2. d4 d5 3. e5 c5 4. c3 Bd7 5. b3 cxd4 6. cxd4 Qb6 7. Be2 Bb4+ 8. Kf1 Bb5 9. Bb2 Nh6 10. Nc3 Bxc3 11. Bxc3 Nf5 12. Bxb5+ Qxb5+ 13. Ne2 a5 14. a4 Qa6 15. g3 0-0 16. Kg2 Nc6 17. Qd2 f6 18. exf6 Rxf6 19. Rhf1 Raf8 20. Rab1 Nd6 21. f3 b6 22. Bb2 b5 23. Ba3 b4 24. Bb2 h6 25. Rbe1 Qb7 26. Qd3 Nd8 27. Bc1 g5 28. g4 N8f7 29. Ng3 Nh8 30. Nh5 Rg6 31. h3 Qc6 32. Bd2 Qb7 33. Re2 Ne8 34. Rfe1 Qf7 35. Rf1 Qh7 36. Qa6 Qd7 37. Qxa5 Ng7 38. Qxb4 Nxh5 39. gxh5 Rgf6 40. Be1 Qf7 41. Qc3 Qxh5 42. Bg3 Ng6 43. Qe3 Nh4+ 44. Bxh4 Qxh4 45. a5 h5 46. Ref2 Kf7 47. a6 Ke7 48. a7 Qf4 49. Qxf4 Rxf4 50. Ra2 Ra8 51. Ra4 Rf7 52. Re1 Kf6 53. Rea1 Kf5 54. Kg3 h4+ 55. Kf2 Rb7 56. b4 e5 57. Ke3 Rb5 58. R1a3 e4 59. fxe4+ dxe4 60. Ra5 Rxa5 61. Rxa5+ Ke6 62. Kxe4 1-0